000 02077nam a2200505Ii 4500
001 DIGSGL21ES0142
003 NyNyDIG
006 m o d
008 190205s2016 sp ob 000 0bspa d
007 cr |||||||||||
035 _a(OCoLC)993767575
040 _aDGITA
_beng
_erda
_epn
_cDGITA
020 _a9788432318429
_q(eBook ;
_qePub)
020 _a8432318426
_q(eBook ;
_qePub)
020 _z9788432318382
020 _z8432318388
041 1 _aspa
_heng
050 1 4 _aPR6045.O72 eBook
082 0 4 _a823.912
100 1 _aStrathern, Paul,
_d1940-
_eauthor.
240 1 0 _aVirginia Woolf in 90 minutes.
_lSpanish
_s(Chaparro Martínez)
245 1 0 _aVirginia Woolf en 90 minutos /
_cPaul Strathern ; traducción, Sandra Chaparro Martínez.
246 3 _aVirginia Woolf en noventa minutos
264 1 _aTres Cantos, Madrid, España :
_bSiglo XXI de España Editores, S.A.,
_c[2016]
300 _a1 online resource.
336 _atext
_btxt
_2rdacontent
337 _acomputer
_bc
_2rdamedia
338 _aonline resource
_bcr
_2rdacarrier
490 1 _a90 minutos
504 _aIncludes bibliographical references.
588 0 _aOnline resource; title from ePub title page (Digitalia, viewed February 7, 2019)
600 1 0 _aWoolf, Virginia,
_d1882-1941.
650 0 _aNovelists, English
_y20th century
_vBiography.
655 7 _aBiographies.
_2lcgft
655 0 _aElectronic books.
700 1 _aChaparro Martínez, Sandra,
_etranslator.
700 1 _iTranslation of:
_aStrathern, Paul,
_d1940-
_tVirginia Woolf in 90 minutes.
791 2 _aDigitalia (Firm),
_edistributor.
793 0 _gDigitalia eBook Collection:
_aSiglo XXI de España Editores
776 0 8 _iPrint version:
_aStrathern, Paul, 1940-
_sVirginia Woolf in 90 minutes. Spanish (Chaparro Martínez).
_tVirginia Woolf en 90 minutos.
_dTres Cantos, Madrid, España : Siglo XXI de España Editores, 2016
_z9788432318382
830 0 _a90 minutos.
856 4 0 _3Digitalia Hispánica
_uhttps://www.digitaliapublishing.com/a/50445/
910 _aPremium collection: 2019
942 _cRAA
999 _c251698
_d251698